Un mariage vraiment gai /

Saved in:
Bibliografiske detaljer
Hovedforfatter: Douru, Muriel (Author)
Format: Bog
Sprog:fransk
Udgivet: Paris : Editions Gaies et lesbiennes, c2004
Tags: Tilføj Tag
Ingen Tags, Vær først til at tagge denne postø!

MARC

LEADER 00000nam a22000007i 4500
001 IT\ICCU\UBO\3688026
003 ItRI
005 20260115231840.0
008 090914s2004 fr |||||| ||||| |||||c
020 |a 2912706254 
040 |b ita  |c importazione bologna sebina 
041 7 |a fre  |2 ISO-639-2 
100 1 |a Douru, Muriel  |0 IT\ICCU\UBOV\358214  |4 aut 
245 1 3 |a Un mariage vraiment gai /  |c Muriel Douru. 
260 |a Paris :  |b Editions Gaies et lesbiennes,  |c c2004 
300 |a 1 v. :  |b ill. ;  |c 22 cm 
500 |a Senza paginazione. 
942 |2 ddc  |c BK  |n 0 
952 |0 0  |1 0  |4 0  |6 R_741_642000000000000_DOU  |7 0  |9 14205  |a BO  |b BO  |d 2026-01-15  |i 13103  |l 0  |o R 741.642 DOU  |p BO13103  |r 2026-01-15 23:18:40  |w 2026-01-15  |x [Sebina 5] [1 v.]  |y BK  |z 1 v. 
999 |c 12255  |d 12255